[Event "DEM U14w 2008"]
[Site "Willingen GER"]
[Date "2008.05.17"]
[Round "9"]
[White "Brühan, Caren"]
[Black "Rogasch, Miriam"]
[Result "0-1"]
[Termination "normal"]
[Board "10"]
[WhiteElo "1221"]
[BlackElo "1560"]
[PlyCount "84"]
[WhiteFideId "24691976"]
[BlackFideId "4616324"]
[EventCountry "GER"]
[EventRounds "9"]
[EventType "swiss"]
[EventDate "2008.05.10"]

1. Nf3 Nf6 2. d4 g6 3. Bf4 Bg7 4. e3 O-O 5. c4 d6 6. h3 Nbd7 7. Nc3 Re8 8. Be2
Nh5 9. Bh2 e5 10. O-O Qe7 11. Re1 f5 12. Nd5 Qd8 13. dxe5 dxe5 14. Nd2 Nhf6 15.
Qb3 Nxd5 16. cxd5 Nb6 17. d6+ Be6 18. dxc7 Qxd2 19. Qb5 Qd7 20. Qc5 Qc6 21.
Rec1 Qxc5 22. Rxc5 Rac8 23. Bxe5 Bxe5 24. Rxe5 Rxc7 25. Rd1 Rd7 26. Rc1 Bf7 27.
Rec5 Rd2 28. Bb5 Re7 29. a4 Rxb2 30. a5 Nd7 31. Bxd7 Rxd7 32. Rc8+ Kg7 33. g4
fxg4 34. hxg4 Be6 35. g5 Rd1+ 36. Rxd1 Bxc8 37. Rc1 Be6 38. Rc7+ Bf7 39. Kh2
Rxf2+ 40. Kg3 Ra2 41. Rxb7 Rxa5 42. Kf4 Rf5+ 0-1

[Event "DEM U14w 2008"]
[Site "Willingen GER"]
[Date "2008.05.17"]
[Round "9"]
[White "Friese, Sarah"]
[Black "Hümmecke, Miriam"]
[Result "1/2-1/2"]
[Termination "normal"]
[Board "11"]
[WhiteElo "1338"]
[BlackElo "1471"]
[PlyCount "52"]
[WhiteFideId "24691950"]
[EventCountry "GER"]
[EventRounds "9"]
[EventType "swiss"]
[EventDate "2008.05.10"]

1. e4 e5 2. Nf3 Nc6 3. Bb5 f5 4. Bxc6 dxc6 5. Nc3 Bd6 6. Qe2 Qe7 7. d4 Nf6 8.
exf5 e4 9. Nd2 Bxf5 10. O-O O-O 11. Nc4 Qe6 12. Nxd6 cxd6 13. Bg5 Rae8 14. Nd1
h6 15. Bxf6 Qxf6 16. c3 Qh4 17. Ne3 Bd7 18. f3 Qg5 19. fxe4 Rxe4 20. Rxf8+ Kxf8
21. Rf1+ Kg8 22. Re1 h5 23. Qf2 Bh3 24. Qg3 Qxg3 25. hxg3 Be6 26. a3 Kh7
1/2-1/2

[Event "DEM U14w 2008"]
[Site "Willingen GER"]
[Date "2008.05.17"]
[Round "9"]
[White "Weißenburg, Isabel"]
[Black "Schäfer, Ann-Kathrin"]
[Result "1-0"]
[Termination "normal"]
[Board "12"]
[WhiteElo "1406"]
[BlackElo "1673"]
[PlyCount "51"]
[WhiteFideId "4612922"]
[BlackFideId "24615412"]
[EventCountry "GER"]
[EventRounds "9"]
[EventType "swiss"]
[EventDate "2008.05.10"]

1. e4 e6 2. d4 d5 3. Nd2 Nc6 4. c3 Nf6 5. e5 Ne4 6. Bd3 f6 7. Nxe4 dxe4 8. Bxe4
fxe5 9. Bxc6+ bxc6 10. Qh5+ g6 11. Qxe5 Rg8 12. Nf3 Bd6 13. Qe4 Qd7 14. O-O Bb7
15. Re1 O-O-O 16. Qxe6 c5 17. Qxd7+ Rxd7 18. dxc5 Bxc5 19. Be3 Bxe3 20. Rxe3 h5
21. Nd4 g5 22. Rae1 Kd8 23. Ne6+ Kc8 24. Nc5 Rd2 25. Re8+ Rxe8 26. Rxe8+ 1-0

[Event "DEM U12/U12w 2008"]
[Site "Willingen GER"]
[Date "2008.05.11"]
[Round "1"]
[White "Wagner, Dennis"]
[Black "Böhl, Marius"]
[Result "1-0"]
[Termination "normal"]
[Board "1"]
[WhiteElo "1943"]
[BlackElo "1471"]
[PlyCount "49"]
[WhiteFideId "24650684"]
[BlackFideId "24692131"]
[EventCountry "GER"]
[EventRounds "11"]
[EventType "swiss"]
[EventDate "2008.05.10"]

1. e4 c6 2. d4 d5 3. Nc3 dxe4 4. Nxe4 Bf5 5. Ng3 Bg6 6. h4 h6 7. Nf3 Nf6 8. Ne5
Bh7 9. Bc4 e6 10. Qe2 Qc7 11. Bf4 Bd6 12. Nxf7 Qxf7 13. Bxd6 Nd5 14. O-O-O Kd7
15. Be5 Rf8 16. Ne4 Nf4 17. Nc5+ Kc8 18. Qg4 Nd7 19. Nxd7 Kxd7 20. d5 Ke7 21.
dxe6 Nxe6 22. Bd6+ Kf6 23. Qf3+ Bf5 24. h5 Ng5 25. Qc3# 1-0

[Event "DEM U12/U12w 2008"]
[Site "Willingen GER"]
[Date "2008.05.11"]
[Round "1"]
[White "Gubela, Hans-Erich Constantin"]
[Black "Bauer, Andreas"]
[Result "0-1"]
[Termination "normal"]
[Board "2"]
[WhiteElo "1460"]
[BlackElo "1986"]
[PlyCount "42"]
[WhiteFideId "24692140"]
[BlackFideId "4625030"]
[EventCountry "GER"]
[EventRounds "11"]
[EventType "swiss"]
[EventDate "2008.05.10"]

1. e4 c5 2. Nf3 Nc6 3. d4 cxd4 4. Nxd4 Nf6 5. f3 e5 6. Nb3 d5 7. exd5 Nxd5 8.
c4 Bb4+ 9. Bd2 Ne3 10. Qc1 Bf5 11. Kf2 Nc2 12. Bxb4 N6xb4 13. a3 Nd3+ 14. Bxd3
Qxd3 15. N1d2 Qe3+ 16. Kg3 h5 17. h4 Rh6 18. Qg1 Qf4+ 19. Kf2 Rd8 20. Rd1 Rg6
21. g4 Rxg4 0-1

[Event "DEM U12/U12w 2008"]
[Site "Willingen GER"]
[Date "2008.05.11"]
[Round "1"]
[White "Blübaum, Matthias"]
[Black "Spiegelberg, Silvia"]
[Result "1-0"]
[Termination "normal"]
[Board "3"]
[WhiteElo "1912"]
[BlackElo "1455"]
[PlyCount "90"]
[WhiteFideId "24651516"]
[BlackFideId "24654450"]
[EventCountry "GER"]
[EventRounds "11"]
[EventType "swiss"]
[EventDate "2008.05.10"]

1. d4 Nf6 2. c4 e5 3. dxe5 Ng4 4. Bf4 g5 5. Bd2 Bg7 6. Nf3 h6 7. Nc3 Nc6 8. g3
Ngxe5 9. Nxe5 Nxe5 10. b3 d6 11. Bg2 c6 12. O-O Bf5 13. e4 Be6 14. h3 Qd7 15.
Kh2 Qe7 16. f4 gxf4 17. gxf4 Nd3 18. Qf3 Nc5 19. Kh1 Bd7 20. f5 Qe5 21. Ne2
Nxe4 22. Qxe4 Qxe4 23. Bxe4 Bxa1 24. Rxa1 O-O-O 25. Bf4 Rhe8 26. Ng3 h5 27. Bg5
Rg8 28. Bxd8 Rxg3 29. Ba5 Rxh3+ 30. Kg2 Re3 31. Re1 Rxe1 32. Bxe1 Kd8 33. f6
Bg4 34. Bf3 Bxf3+ 35. Kxf3 d5 36. cxd5 cxd5 37. Kf4 Kd7 38. Ke5 Kc6 39. b4 b6
40. a4 a6 41. Bf2 b5 42. a5 Kc7 43. Kxd5 Kd7 44. Bg3 Kc8 45. Kc6 Kd8 1-0

[Event "DEM U12/U12w 2008"]
[Site "Willingen GER"]
[Date "2008.05.11"]
[Round "1"]
[White "Holle, Cedric"]
[Black "Svane, Rasmus"]
[Result "0-1"]
[Termination "normal"]
[Board "4"]
[WhiteElo "1455"]
[BlackElo "1911"]
[PlyCount "42"]
[WhiteFideId "24692158"]
[BlackFideId "4657101"]
[EventCountry "GER"]
[EventRounds "11"]
[EventType "swiss"]
[EventDate "2008.05.10"]

1. e4 c5 2. d4 cxd4 3. c3 dxc3 4. Nxc3 e6 5. Bc4 Bc5 6. Nf3 Ne7 7. Bf4 a6 8.
O-O O-O 9. e5 Ng6 10. Bg5 Qc7 11. Qe2 b5 12. Bd3 Bb7 13. Ne4 Nxe5 14. Nxe5 Qxe5
15. Bf6 gxf6 16. Qg4+ Kh8 17. Qh4 Rg8 18. g3 Rg7 19. Rad1 Nc6 20. Nxf6 Be7 21.
Qe4 Bxf6 0-1

[Event "DEM U12/U12w 2008"]
[Site "Willingen GER"]
[Date "2008.05.11"]
[Round "1"]
[White "Noe, Christopher"]
[Black "Groetzbach, Daniel"]
[Result "1-0"]
[Termination "normal"]
[Board "5"]
[WhiteElo "1877"]
[BlackElo "1454"]
[PlyCount "45"]
[WhiteFideId "24692018"]
[BlackFideId "24692166"]
[EventCountry "GER"]
[EventRounds "11"]
[EventType "swiss"]
[EventDate "2008.05.10"]

1. e4 e6 2. d4 d5 3. Nc3 Bb4 4. e5 c5 5. Bd2 cxd4 6. Nb5 Be7 7. Nxd4 Qb6 8. Nb3
Nc6 9. Nf3 Bd7 10. c3 Bd8 11. Bd3 Nge7 12. O-O O-O 13. Re1 Rc8 14. Bxh7+ Kh8
15. Bd3 Ng6 16. Ng5 Bxg5 17. Bxg5 Be8 18. Re3 f6 19. exf6 Nge5 20. Rh3+ Kg8 21.
Bh7+ Kh8 22. Bg6+ Kg8 23. Rh8+ 1-0

[Event "DEM U12/U12w 2008"]
[Site "Willingen GER"]
[Date "2008.05.11"]
[Round "1"]
[White "Steimbach, Isabel"]
[Black "Lebeda, Timo"]
[Result "0-1"]
[Termination "normal"]
[Board "6"]
[WhiteElo "1448"]
[BlackElo "1889"]
[PlyCount "71"]
[WhiteFideId "24692174"]
[BlackFideId "4638565"]
[EventCountry "GER"]
[EventRounds "11"]
[EventType "swiss"]
[EventDate "2008.05.10"]

1. e4 c5 2. Nf3 d6 3. d4 cxd4 4. Nxd4 Nf6 5. Nc3 a6 6. Bc4 e6 7. Bg5 Be7 8. O-O
Qc7 9. Qf3 Qxc4 10. Rad1 Nbd7 11. Rfe1 Ne5 12. Qg3 Bd7 13. f4 Nc6 14. Nxc6 Bxc6
15. e5 dxe5 16. fxe5 Nd5 17. Nxd5 Bxd5 18. Bxe7 Kxe7 19. Qg5+ Kf8 20. Rf1 Qc5+
21. Kh1 Qe7 22. Qg3 g6 23. Rd4 Kg7 24. Rdf4 Rhf8 25. Rf6 Rac8 26. c3 Bxa2 27.
h3 Bd5 28. R1f4 Rcd8 29. Qg5 Qc7 30. Rh4 h5 31. Rxh5 Kg8 32. Qh6 Bxg2+ 33. Kxg2
Qc6+ 34. Kg3 Rd3+ 35. Kg4 gxh5+ 36. Kxh5 0-1

[Event "DEM U12/U12w 2008"]
[Site "Willingen GER"]
[Date "2008.05.11"]
[Round "1"]
[White "Kyas, Philipp"]
[Black "Schreiber, Kevin"]
[Result "1-0"]
[Termination "normal"]
[Board "7"]
[WhiteElo "1816"]
[BlackElo "1442"]
[PlyCount "79"]
[WhiteFideId "24670936"]
[BlackFideId "24655830"]
[EventCountry "GER"]
[EventRounds "11"]
[EventType "swiss"]
[EventDate "2008.05.10"]

1. Nf3 d5 2. c4 c6 3. b3 Nf6 4. Bb2 Bg4 5. d4 e6 6. Nbd2 Bxf3 7. exf3 Bd6 8.
Bd3 Nbd7 9. O-O O-O 10. Re1 Re8 11. Qc2 Rc8 12. c5 Bb8 13. Re2 Qc7 14. g3 Nf8
15. Rae1 Ng6 16. b4 Rcd8 17. a4 Re7 18. b5 Rde8 19. Bc3 Kf8 20. Bxg6 hxg6 21.
Qd3 Kg8 22. a5 Kh7 23. b6 axb6 24. cxb6 Qd8 25. Bb4 Rd7 26. Nb3 Bd6 27. Bxd6
Rxd6 28. Nc5 Qb8 29. a6 bxa6 30. Qxa6 Nd7 31. Nb7 c5 32. Nxd6 Qxd6 33. dxc5
Qxc5 34. b7 d4 35. Qa4 Rd8 36. Qxd7 Rxd7 37. b8=Q d3 38. Rd2 Qc2 39. Rxc2 dxc2
40. Qb2 1-0

[Event "DEM U12/U12w 2008"]
[Site "Willingen GER"]
[Date "2008.05.11"]
[Round "1"]
[White "Helle, Samuel"]
[Black "Xu, Xianliang"]
[Result "0-1"]
[Termination "normal"]
[Board "8"]
[WhiteElo "1438"]
[BlackElo "1801"]
[PlyCount "56"]
[WhiteFideId "24692182"]
[BlackFideId "4603230"]
[EventCountry "GER"]
[EventRounds "11"]
[EventType "swiss"]
[EventDate "2008.05.10"]

1. d4 d5 2. c4 Nc6 3. Nf3 Bg4 4. e3 e6 5. Nc3 Nf6 6. c5 Be7 7. Bb5 O-O 8. O-O
Ne4 9. h3 Bh5 10. g4 Bg6 11. Bxc6 bxc6 12. Nxe4 Bxe4 13. Ne5 f6 14. Nxc6 Qe8
15. Nxe7+ Qxe7 16. f3 Bg6 17. Qe2 e5 18. Re1 f5 19. gxf5 Rxf5 20. e4 Rh5 21.
Qg2 dxe4 22. dxe5 exf3 23. Qxf3 Rf8 24. Qb3+ Kh8 25. Bd2 Qxc5+ 26. Qe3 Rg5+ 27.
Kh2 Rf2+ 28. Kh1 Qd5+ 0-1

[Event "DEM U12/U12w 2008"]
[Site "Willingen GER"]
[Date "2008.05.11"]
[Round "1"]
[White "Lampert, Jonas"]
[Black "Bokemaer, David"]
[Result "1-0"]
[Termination "normal"]
[Board "9"]
[WhiteElo "1762"]
[BlackElo "1433"]
[PlyCount "120"]
[WhiteFideId "1303759"]
[EventCountry "GER"]
[EventRounds "11"]
[EventType "swiss"]
[EventDate "2008.05.10"]

1. e4 e5 2. f4 exf4 3. Bc4 Nf6 4. Nc3 c6 5. e5 d5 6. Be2 Ne4 7. Nf3 Bg4 8. O-O
Qb6+ 9. d4 Bb4 10. Bxf4 O-O 11. Na4 Qd8 12. c3 Be7 13. Nd2 Bf5 14. Nxe4 Bxe4
15. b3 Nd7 16. Nb2 Bg5 17. Nd3 Bxf4 18. Nxf4 Qg5 19. Bd3 Bg6 20. Nxg6 hxg6 21.
Qc2 c5 22. Qc1 Qe7 23. Qf4 cxd4 24. cxd4 Rac8 25. Rac1 a6 26. Rf2 Rxc1+ 27.
Qxc1 Nb6 28. Rc2 Qh4 29. Qe3 Qe7 30. Qc1 Qh4 31. Qe3 Qe7 32. h3 Qh4 33. Qf2 Qe7
34. Qe3 Qh4 35. Rc7 Rb8 36. Qf2 Qxf2+ 37. Kxf2 Kf8 38. a4 a5 39. Rc5 Ra8 40.
Rb5 Ra6 41. Be2 Ke7 42. Rc5 Ra7 43. Rc7+ Ke8 44. Bb5+ Kf8 45. Bc6 Ra8 46. Rxb7
Nc8 47. Rxf7+ Kxf7 48. Bxd5+ Ke7 49. Bxa8 Nb6 50. Be4 g5 51. Kg3 Ke6 52. Kg4 g6
53. Kxg5 Nxa4 54. bxa4 Ke7 55. d5 Kd7 56. Kf6 g5 57. e6+ Ke8 58. Bg6+ Kd8 59.
e7+ Kd7 60. e8=Q+ Kd6 1-0

[Event "DEM U12/U12w 2008"]
[Site "Willingen GER"]
[Date "2008.05.11"]
[Round "1"]
[White "Lagunov, Elina"]
[Black "Takeuchi, Eiki"]
[Result "1/2-1/2"]
[Termination "normal"]
[Board "10"]
[WhiteElo "1431"]
[BlackElo "1778"]
[PlyCount "155"]
[WhiteFideId "4673387"]
[BlackFideId "24663751"]
[EventCountry "GER"]
[EventRounds "11"]
[EventType "swiss"]
[EventDate "2008.05.10"]

1. e4 c5 2. Nf3 Nc6 3. d4 cxd4 4. Nxd4 Nf6 5. Nc3 d6 6. Be3 Ng4 7. Qd2 Nxe3 8.
Qxe3 a6 9. a4 Qb6 10. Nb3 Qxe3+ 11. fxe3 Nb4 12. Bd3 g6 13. Nd5 Nxd5 14. exd5
Bg7 15. c3 O-O 16. O-O Bd7 17. Na5 b6 18. Nc4 Rfb8 19. a5 bxa5 20. Rxa5 Bb5 21.
Rc1 Bh6 22. Kf2 Ra7 23. Be2 Rc7 24. b3 Rc5 25. Rd1 Bg7 26. Rc1 Rxd5 27. Ra3
Rf5+ 28. Ke1 Bh6 29. Bd3 Rc5 30. Ke2 d5 31. Ne5 Bg7 32. Bxb5 Rcxb5 33. Nc6 Rxb3
34. Rxb3 Rxb3 35. Nxe7+ Kf8 36. Nxd5 a5 37. Kd3 Be5 38. h3 Bd6 39. Rc2 Ra3 40.
Nb6 Ra1 41. Nc4 Bc5 42. Nd2 a4 43. c4 Re1 44. Ra2 Rxe3+ 45. Kc2 a3 46. Nb1 Rg3
47. Kd1 Ke7 48. Re2+ Kd7 49. Rd2+ Kc7 50. Ra2 Kb6 51. Kc1 Ka5 52. Nd2 Ka4 53.
Ne4 Kb3 54. Kb1 Re3 55. Nxc5+ Kxc4 56. Rc2+ Kd4 57. Ka2 Ke5 58. Nb3 Kf4 59.
Kxa3 Kg3 60. Kb2 h5 61. Rc3 Rxc3 62. Kxc3 Kxg2 63. Kd3 Kxh3 64. Ke3 Kg3 65. Nd4
g5 66. Nf5+ Kg2 67. Ke4 h4 68. Ne3+ Kf2 69. Ng4+ Kg3 70. Kf5 h3 71. Kxg5 f6+
72. Kf5 Kf3 73. Nh2+ Kg3 74. Ng4 Kh4 75. Nh2 Kg3 76. Ng4 h2 77. Nxh2 Kxh2 78.
Kxf6 1/2-1/2

[Event "DEM U12/U12w 2008"]
[Site "Willingen GER"]
[Date "2008.05.11"]
[Round "1"]
[White "Möhn, Hans"]
[Black "Viereck, Marten"]
[Result "1/2-1/2"]
[Termination "normal"]
[Board "11"]
[WhiteElo "1825"]
[BlackElo "1414"]
[PlyCount "143"]
[WhiteFideId "24647837"]
[BlackFideId "24692190"]
[EventCountry "GER"]
[EventRounds "11"]
[EventType "swiss"]
[EventDate "2008.05.10"]

1. e4 e5 2. Bc4 Nf6 3. d3 h6 4. Nf3 Nc6 5. c3 Be7 6. Nbd2 d6 7. Bb3 Bg4 8. Nf1
Qd7 9. Ne3 Be6 10. h3 O-O-O 11. Bc2 d5 12. Qe2 d4 13. Nf1 Ne8 14. c4 Bd6 15.
Ng3 Ne7 16. O-O Ng6 17. Re1 Bb4 18. Rd1 f6 19. a3 Be7 20. b4 h5 21. Bd2 h4 22.
Nh1 Nf4 23. Bxf4 exf4 24. Nh2 g5 25. f3 Ng7 26. Nf2 f5 27. exf5 Nxf5 28. Nhg4
Ne3 29. Nxe3 dxe3 30. Ng4 Bxg4 31. fxg4 Bf6 32. Rab1 Bd4 33. Rf1 Rhf8 34. Rf3
Rf6 35. Rb3 Re8 36. Bd1 Re5 37. Kf1 a5 38. Ke1 a4 39. Rb1 Bc3+ 40. Kf1 Bd2 41.
Rb2 Bc1 42. Ra2 Rd6 43. Ra1 Rxd3 44. Rxc1 Rd2 45. Qe1 e2+ 46. Bxe2 Rexe2 47.
Qxe2 Rxe2 48. Kxe2 Qe6+ 49. Kd2 Qd6+ 50. Rd3 Qc6 51. Rd5 Qf6 52. Rc3 b6 53. Rf5
Qd4+ 54. Rd3 Qb2+ 55. Kd1 Qb1+ 56. Kd2 Qa2+ 57. Kc3 Qxa3+ 58. Kd4 Qxb4 59. Rb5
Qd6+ 60. Kc3 Qa3+ 61. Kd4 c5+ 62. Ke4 Qa2 63. Kd5 Qxg2+ 64. Kd6 f3 65. Rb1 f2
66. Rdd1 Qg3+ 67. Kc6 Qc7+ 68. Kd5 Qf7+ 69. Kc6 Qxc4 70. Kxb6 a3 71. Ka7 a2 72.
Rb8+ 1/2-1/2

[Event "DEM U12/U12w 2008"]
[Site "Willingen GER"]
[Date "2008.05.11"]
[Round "1"]
[White "Knopf, Felix"]
[Black "Osmanodja, Filiz"]
[Result "0-1"]
[Termination "normal"]
[Board "12"]
[WhiteElo "1412"]
[BlackElo "1984"]
[PlyCount "48"]
[WhiteFideId "24692204"]
[BlackFideId "24633569"]
[EventCountry "GER"]
[EventRounds "11"]
[EventType "swiss"]
[EventDate "2008.05.10"]

1. d4 Nf6 2. Nf3 e6 3. c4 b6 4. Bg5 Bb7 5. e3 Be7 6. Be2 O-O 7. Nc3 d5 8. cxd5
exd5 9. Rc1 Nbd7 10. Ne5 Nxe5 11. dxe5 Nd7 12. Bxe7 Qxe7 13. Nxd5 Qxe5 14. Rxc7
Bxd5 15. Rxd7 Bxg2 16. Rg1 Qxh2 17. Kd2 Rad8 18. Rd3 Be4 19. Qf1 Rxd3+ 20. Bxd3
Rd8 21. Rg4 Bxd3 22. Qe1 Be4+ 23. Kc1 Rc8+ 24. Kd2 Qd6+ 0-1

[Event "DEM U12/U12w 2008"]
[Site "Willingen GER"]
[Date "2008.05.11"]
[Round "1"]
[White "Niedermayer, Julian Andi"]
[Black "Berger, Nadja"]
[Result "1/2-1/2"]
[Termination "normal"]
[Board "13"]
[WhiteElo "1739"]
[BlackElo "1380"]
[PlyCount "48"]
[WhiteFideId "24600792"]
[BlackFideId "24692212"]
[EventCountry "GER"]
[EventRounds "11"]
[EventType "swiss"]
[EventDate "2008.05.10"]

1. Nf3 e6 2. d4 f5 3. c4 Nf6 4. Nc3 Be7 5. e3 O-O 6. Qb3 b6 7. Bd3 Bb7 8. Bd2
Ne4 9. Rg1 Kh8 10. d5 Nc5 11. Qc2 a5 12. O-O-O Nba6 13. a3 g5 14. e4 Nxd3+ 15.
Qxd3 Nc5 16. Qc2 g4 17. Ne1 Ba6 18. Bh6 Bg5+ 19. Bxg5 Qxg5+ 20. Kb1 Bxc4 21.
Rc1 Nb3 22. Rd1 Nc5 23. Rc1 Nb3 24. Rd1 Nc5 1/2-1/2

[Event "DEM U12/U12w 2008"]
[Site "Willingen GER"]
[Date "2008.05.11"]
[Round "1"]
[White "Stolberg, Daniel"]
[Black "Carmesin, Matthias"]
[Result "1/2-1/2"]
[Termination "normal"]
[Board "14"]
[WhiteElo "1372"]
[BlackElo "1641"]
[PlyCount "108"]
[BlackFideId "4635965"]
[EventCountry "GER"]
[EventRounds "11"]
[EventType "swiss"]
[EventDate "2008.05.10"]

1. d4 d5 2. c4 e6 3. Nc3 c6 4. e4 Nf6 5. e5 Nfd7 6. Nf3 b6 7. cxd5 exd5 8. Bd3
Be7 9. Qc2 Nf8 10. h3 Ba6 11. Bxa6 Nxa6 12. Ne2 Rc8 13. O-O Qd7 14. a3 Ne6 15.
Be3 O-O 16. Ng3 c5 17. dxc5 bxc5 18. Nf5 Bd8 19. Nd6 Rc6 20. Qf5 f6 21. Nb5 Rb6
22. a4 Nb4 23. Bd2 fxe5 24. Nxe5 Rxf5 25. Nxd7 Rb7 26. Nd6 Rxd7 27. Nxf5 Bf6
28. Bxb4 cxb4 29. Rae1 Nc5 30. Re2 Nxa4 31. b3 Nc5 32. Re3 d4 33. Rg3 d3 34.
Rd1 Bc3 35. Re3 d2 36. Ne7+ Kf8 37. Nc6 Nxb3 38. Nxb4 Bxb4 39. Rxb3 a5 40. Kf1
Kf7 41. Ke2 Kf6 42. Rd3 Rc7 43. R1xd2 Bxd2 44. Kxd2 Ke5 45. Ra3 Rc5 46. Ra4 Kd6
47. g4 Kc6 48. Kd3 Kb5 49. Ra1 Rc7 50. Rb1+ Ka6 51. f4 a4 52. f5 Ka5 53. h4 a3
54. Rb8 Ka4 1/2-1/2

[Event "DEM U12/U12w 2008"]
[Site "Willingen GER"]
[Date "2008.05.11"]
[Round "1"]
[White "Galkin, Wladislaw"]
[Black "Hansch, Karsten"]
[Result "1-0"]
[Termination "normal"]
[Board "15"]
[WhiteElo "1969"]
[BlackElo "1370"]
[PlyCount "85"]
[WhiteFideId "4603192"]
[BlackFideId "24692239"]
[EventCountry "GER"]
[EventRounds "11"]
[EventType "swiss"]
[EventDate "2008.05.10"]

1. d4 Nf6 2. c4 g6 3. Nc3 Bg7 4. e4 d6 5. Be2 O-O 6. Bg5 h6 7. Be3 Kh7 8. f3
Nbd7 9. Nh3 e5 10. d5 b6 11. Nf2 Nc5 12. g4 Ng8 13. h4 a5 14. h5 g5 15. Qc2 Kh8
16. O-O Bd7 17. b3 Qe7 18. a3 Rfb8 19. b4 Nb7 20. Rfb1 Bf8 21. Nd3 Qe8 22. Nc1
f6 23. Nd3 Be7 24. Nf2 Bf8 25. Nh1 Be7 26. Ng3 Rc8 27. Nf5 Bxf5 28. exf5 Qf8
29. Ne4 Rcb8 30. Bd2 Kg7 31. Qd3 Qe8 32. Bd1 Ra7 33. Nc3 Qc8 34. Ba4 Bf8 35.
Qc2 Ne7 36. Ne4 Ng8 37. Bc6 Nd8 38. Bb5 Rba8 39. bxa5 bxa5 40. Qa4 Nb7 41. Bd7
Qd8 42. Bc6 Qc8 43. Be3 1-0

[Event "DEM U12/U12w 2008"]
[Site "Willingen GER"]
[Date "2008.05.11"]
[Round "1"]
[White "Pührer, Anne"]
[Black "Rührmund, Daniel"]
[Result "0-1"]
[Termination "normal"]
[Board "16"]
[WhiteElo "1369"]
[BlackElo "1823"]
[PlyCount "132"]
[WhiteFideId "24692247"]
[BlackFideId "24674583"]
[EventCountry "GER"]
[EventRounds "11"]
[EventType "swiss"]
[EventDate "2008.05.10"]

1. e4 c5 2. Nc3 Nc6 3. g3 g6 4. Bg2 Bg7 5. d3 e6 6. f4 Nge7 7. Nf3 d6 8. O-O
O-O 9. Be3 Nd4 10. Qd2 f5 11. Rfe1 Nec6 12. Bf2 Rb8 13. Rab1 b5 14. Nd1 b4 15.
Ne3 a5 16. Nc4 Nxf3+ 17. Bxf3 Nd4 18. Bg2 Bb7 19. c3 Nb5 20. e5 Bxg2 21. Kxg2
d5 22. Ne3 d4 23. cxd4 Nxd4 24. Rbc1 Qc7 25. Qd1 Qb7+ 26. Kf1 Nf3 27. Re2 Nxh2+
28. Ke1 Nf3+ 29. Kf1 Nd4 30. Rd2 b3 31. a3 Qh1+ 32. Bg1 Qf3+ 33. Qxf3 Nxf3 34.
Rf2 Nxg1 35. Kxg1 Rfd8 36. Rd2 Bf8 37. Kf2 Rd4 38. Nc4 a4 39. Nd6 Bxd6 40. exd6
Rxd6 41. Rxc5 Rbd8 42. Ke3 h6 43. Ra5 Rd4 44. Ra6 Kf7 45. Ke2 Kf6 46. Rd1 R8d6
47. Ra5 g5 48. Ke3 gxf4+ 49. gxf4 h5 50. Ra8 e5 51. fxe5+ Kxe5 52. Rh8 f4+ 53.
Ke2 f3+ 54. Kxf3 Rxd3+ 55. Rxd3 Rxd3+ 56. Ke2 Rh3 57. Kf2 Rh2+ 58. Kg3 Rxb2 59.
Rxh5+ Kd4 60. Rh4+ Kc3 61. Rxa4 Ra2 62. Ra8 Kb2 63. a4 Ka1 64. a5 b2 65. Rb8
b1=Q 66. Rxb1+ Kxb1 0-1

[Event "DEM U12/U12w 2008"]
[Site "Willingen GER"]
[Date "2008.05.11"]
[Round "1"]
[White "Stahnecker, Ludwig"]
[Black "Neumann, Florian"]
[Result "1-0"]
[Termination "normal"]
[Board "17"]
[WhiteElo "1694"]
[BlackElo "1350"]
[PlyCount "47"]
[WhiteFideId "24692026"]
[EventCountry "GER"]
[EventRounds "11"]
[EventType "swiss"]
[EventDate "2008.05.10"]

1. e4 e5 2. Nf3 Nc6 3. Bb5 a6 4. Ba4 Nf6 5. O-O Nxe4 6. d4 exd4 7. Re1 d5 8.
Nxd4 Bd6 9. g3 b5 10. Bxb5 axb5 11. Nxc6 Qd7 12. Qxd5 Bb7 13. Qxe4+ Kf8 14. Ne5
Bxe5 15. Qxb7 Re8 16. Na3 f6 17. Qxb5 c6 18. Qe2 Kf7 19. Qc4+ Re6 20. c3 Rhe8
21. Be3 Kf8 22. Rad1 Qe7 23. Bc5 Bd6 24. Rxe6 1-0

[Event "DEM U12/U12w 2008"]
[Site "Willingen GER"]
[Date "2008.05.11"]
[Round "1"]
[White "Stanau, Guido"]
[Black "Moritz, Aron"]
[Result "1/2-1/2"]
[Termination "normal"]
[Board "18"]
[WhiteElo "1333"]
[BlackElo "1984"]
[PlyCount "55"]
[WhiteFideId "24692255"]
[BlackFideId "24672319"]
[EventCountry "GER"]
[EventRounds "11"]
[EventType "swiss"]
[EventDate "2008.05.10"]

1. e4 c5 2. c3 Nf6 3. e5 Nd5 4. d4 cxd4 5. cxd4 d6 6. Nf3 Nc6 7. a3 Bg4 8. Bc4
e6 9. Bxd5 exd5 10. Bf4 dxe5 11. dxe5 a6 12. Nc3 d4 13. Ne4 Qd5 14. Qd3 Rd8 15.
O-O Bxf3 16. Qxf3 Nxe5 17. Bxe5 Qxe5 18. Rfe1 Be7 19. Ng3 Qd5 20. Nf5 Qxf3 21.
Rxe7+ Kf8 22. gxf3 g6 23. Rc1 gxf5 24. Rcc7 Kg7 25. Rxf7+ Kg6 26. Rfd7 d3 27.
Kf1 d2 28. Ke2 1/2-1/2

[Event "DEM U12/U12w 2008"]
[Site "Willingen GER"]
[Date "2008.05.11"]
[Round "1"]
[White "Eigemann, Frederik"]
[Black "Ewert, Paul"]
[Result "1-0"]
[Termination "normal"]
[Board "19"]
[WhiteElo "1685"]
[BlackElo "1329"]
[PlyCount "109"]
[WhiteFideId "24692034"]
[EventCountry "GER"]
[EventRounds "11"]
[EventType "swiss"]
[EventDate "2008.05.10"]

1. e4 e5 2. Nf3 Nc6 3. Nc3 Nf6 4. Bb5 d6 5. d4 exd4 6. Nxd4 Bd7 7. Bxc6 bxc6 8.
O-O g6 9. Re1 Be7 10. f3 O-O 11. Be3 Re8 12. Bf2 Bf8 13. Qd2 Bg7 14. Rad1 Nh5
15. Nde2 c5 16. Ng3 Nxg3 17. Bxg3 Rb8 18. b3 Bc6 19. Nd5 Bxd5 20. Qxd5 Bd4+ 21.
Bf2 Be5 22. c4 Qe7 23. Re2 Rb4 24. Kh1 Rd8 25. Bxc5 Rbb8 26. Bd4 a6 27. Qa5 Ra8
28. Bxe5 dxe5 29. Red2 Rxd2 30. Rxd2 Rd8 31. Rxd8+ Qxd8 32. Qd5 Qh4 33. g3 Qf6
34. Kg2 Kg7 35. Qd7 Qb6 36. Qd5 Qf6 37. Kf2 Qb6+ 38. c5 Qa5 39. Qxe5+ Kg8 40.
Qe8+ Kg7 41. Qe5+ Kg8 42. Qb2 Qxc5+ 43. Kg2 Qe3 44. Qf2 Qc3 45. Qe2 Qc6 46. Qc4
Qb6 47. b4 a5 48. b5 Qd6 49. Qc3 a4 50. Qc4 Qd2+ 51. Kh3 Qh6+ 52. Kg4 Qh5+ 53.
Kf4 Qh6+ 54. Ke5 Qxh2 55. Kf6 1-0

[Event "DEM U12/U12w 2008"]
[Site "Willingen GER"]
[Date "2008.05.11"]
[Round "1"]
[White "Aslan, Dersim"]
[Black "Peil, Christoph"]
[Result "0-1"]
[Termination "normal"]
[Board "20"]
[WhiteElo "1319"]
[BlackElo "1680"]
[PlyCount "62"]
[WhiteFideId "24692271"]
[BlackFideId "24651800"]
[EventCountry "GER"]
[EventRounds "11"]
[EventType "swiss"]
[EventDate "2008.05.10"]

1. e4 c5 2. c3 Nf6 3. d3 d6 4. Nf3 Nc6 5. Be3 e6 6. g3 Be7 7. Bg2 O-O 8. O-O
Rb8 9. c4 a6 10. Nc3 b5 11. cxb5 axb5 12. b3 Ba6 13. Qe2 Ng4 14. h3 Nxe3 15.
fxe3 Bf6 16. Rac1 b4 17. Nd1 Ne5 18. Nxe5 Bxe5 19. Kh2 Qg5 20. Rf3 h5 21. Kg1
Bxg3 22. Nb2 Be5 23. Kf2 Qh4+ 24. Kg1 Bxb2 25. Qxb2 e5 26. d4 cxd4 27. exd4
Qxe4 28. Rxf7 Qe3+ 29. Rf2 Rxf2 30. Qxf2 Qxc1+ 31. Kh2 Qf4+ 0-1